| 000 | 00493nam a2200169Ia 4500 | ||
|---|---|---|---|
| 003 | GCL | ||
| 008 | 140319s9999 xx 000 0 ara d | ||
| 040 |
_aGCL / _cGCL |
||
| 082 | 0 | 4 |
_a801.959 _bم م |
| 100 | 1 | _aمجدى يوسف | |
| 245 | 1 | 0 |
_aمعارك نقدية / _cمجدى يوسف |
| 260 |
_aالقاهرة : _bمكتبة الاسرة ، _c2002 |
||
| 300 |
_a181 ص ؛ _c10 سم |
||
| 650 | 0 | 4 | _aالنقد |
| 650 | 0 | 4 | _aالادب العربى - تاريخ ونقد |
| 942 |
_2ddc _cBK |
||
| 999 |
_c5110 _d5110 |
||